LEADER 01247nam a2200277 i 4500 001 000000332494 003 CaOOAMICUS 005 20190207140529.0 008 190207s2016 it u000 u ita u 013 $a238310 020 $a978-88-372-2930-6 040 $aSeMil$bita 100 1 $aScholem, Gershom Gerhard ,$d<1897-1982>.$0(OLS)http://semarc/name/17296 240 10$aTagebücher, nebst Aufsätzen und Entwürfen bis 1923.$0(OLS)http://semarc/title/421359 245 10$aGiona e la giustizia e altri scritti giovanili /$cGershom Scholem ; a cura di Irene Kajon. 260 $aBrescia :$bMorcelliana,$c2016. 300 $a87 p. ;$c19 cm. 490 0 $aIl pellicano rosso. Nuova serie ;$v243 700 1 $aKajon, Irene,$d<1950- >,$ecuratore.$0(OLS)http://semarc/name/46489 830 3$aIl pellicano rosso. Nuova serie ;$v243.$0(OLS)http://semarc/title/11366 850 $aSeMil 852 $aSeMil$W1$xVenegono$y1$m2LA V 243$j266709$B224305$CSeMilBibl$Z2$F224305 $81 996 $6020$a978-88-372-2930-6$9(OLS)http://semarc/number/286528 996 $6245$aGiona e la giustizia e altri scritti giovanili$9(OLS)http://semarc/title/421360 996 $6260$aBrescia :$bMorcelliana$9(OLS)http://semarc/publisher/29629 LEADER 01145nam a2200265 4500 001 000000354137 003 CaOOAMICUS 005 20230609125226.0 008 230609s2011 it 000 u ita r 020 $a978-88-308-1117-1 040 $aSeMil$bita 100 1 $aDa Pra Pocchiesa, Mirta.$0(OLS)http://semarc/name/117691 245 10$aProstituzione :$bun mondo che attraversa il mondo /$cMirta Da Pra Pocchiesa ; postfazione di Luigi Ciotti. 264 1$aAssisi :$bCittadella,$c2011. 300 $a126 p. ;$c19 cm 490 1 $aL'etica e i giorni 650 4$aProstituzione.$0(OLS)http://semarc/subject/7466 700 1 $aCiotti, Luigi,$c.$0(OLS)http://semarc/name/53822 830 2$aL'etica e i giorni.$0(OLS)http://semarc/title/35123 850 $aSeMil 852 $aSeMil$W1$xVenegono$y1$m2MA K 8$j241294$B245376$CSeMilBibl$Z2$F245376 $81 996 $6020$a978-88-308-1117-1$9(OLS)http://semarc/number/298306 996 $6245$aProstituzione :$bun mondo che attraversa il mondo$9(OLS)http://semarc/title/444272 996 $6264$aAssisi :$bCittadella$9(OLS)http://semarc/publisher/29661